000 00309nam a22001217a 4500
082 _a242.5
_bIDR
100 _aMuhammad Idris
245 _aTarjuma Hassan Hasseen Bitarteeb Jadeed
_cMuhammad Idris
260 _aLahore
_bTaj Company Limited
_c2000
300 _a340p
563 _aHB
942 _2ddc
_cBK
999 _c592029
_d592029